Real-Time Two-Wheel Vehicle Detection on Edge Devices / (Record no. 591344)
[ view plain ]
| 000 -LEADER | |
|---|---|
| fixed length control field | 00467nam a22001457a 4500 |
| 082 ## - DEWEY DECIMAL CLASSIFICATION NUMBER | |
| Classification number | 200 |
| 100 ## - MAIN ENTRY--PERSONAL NAME | |
| Personal name | Akhtar, Awais |
| 245 ## - TITLE STATEMENT | |
| Title | Real-Time Two-Wheel Vehicle Detection on Edge Devices / |
| Statement of responsibility, etc. | Awais Akhtar |
| 260 ## - PUBLICATION, DISTRIBUTION, ETC. | |
| Place of publication, distribution, etc. | Islamabad : |
| Name of publisher, distributor, etc. | SEECS, NUST, |
| Date of publication, distribution, etc. | 2022. |
| 300 ## - PHYSICAL DESCRIPTION | |
| Extent | 59 p. ; |
| 650 ## - SUBJECT ADDED ENTRY--TOPICAL TERM | |
| Topical term or geographic name entry element | MS- Electrical Engineering |
| 700 ## - ADDED ENTRY--PERSONAL NAME | |
| Personal name | Supervisor Dr. Rehan Ahmed |
| 856 ## - Uniform Resource Identifier | |
| Uniform Resource Identifier | <a href="http://10.250.8.41:8080/xmlui/handle/123456789/30127">http://10.250.8.41:8080/xmlui/handle/123456789/30127</a> |
| 942 ## - ADDED ENTRY ELEMENTS (KOHA) | |
| Source of classification or shelving scheme | |
| Koha item type | Soft Copy |
| 650 ## - SUBJECT ADDED ENTRY--TOPICAL TERM | |
| -- | 23567 |
| 700 ## - ADDED ENTRY--PERSONAL NAME | |
| -- | 97186 |
| Withdrawn status | Lost status | Source of classification or shelving scheme | Damaged status | Not for loan | Permanent Location | Current Location | Shelving location | Date acquired | Full call number | Barcode | Date last seen | Price effective from | Koha item type |
|---|---|---|---|---|---|---|---|---|---|---|---|---|---|
| Central Library (CL) | Central Library (CL) | Thesis | 09/02/2022 | 200 | CL-T-6652 | 09/02/2022 | 09/02/2022 | Soft Copy |
